000 00665cam a2200229 a 4500
001 15771250
005 20240214054539.0
008 090611s2009 ii b 001 0 eng
020 _a8188789453 (hbk)
020 _a8188789674 (pbk)
040 _aDLC
_cDLC
_dDLC
082 _222
_a320.
_bCHA.
100 1 _aChatterji, Angana P.
245 1 0 _aViolent gods :
_bHindu nationalism in India's present : narratives from Orissa /
_cAngana P. Chatterji.
250 _a1st ed.
260 _aGurgaon, India :
_bThree Essays Collective,
_c2009.
300 _axii, 469 p. ;
650 0 _aHindutva
650 0 _aReligion and politics
650 0 _aCommunalism
942 _cL
999 _c390
_d390